000 00300nam a2200121Ia 4500
005 20251222153523.0
008 251222s9999||||xx |||||||||||||| ||spa||
020 _a8487054110
082 _a610/L633
245 0 _aAlteraciones Fisiopatológicas en el Hipertenso:
250 _a1ra. ed.
942 _cLIB
999 _c29781
_d29781